000
003100000a22001570004500
001
000693
003
MACL
040
_a
MACL
090
_c
693
_d
693
100
_a
Rai, Away
245
_a
Science Quiz
_c
Away Rai
260
_a
Tarang Publications,
_c
1998
350
_a
50
650
_a
Science
942
_k
500
_c
Book
999
_c
693
_d
693